[Event "Titled Tuesday intern op 03rd Jan Late"]
[Site "Chess.com INT"]
[Date "2025.06.03"]
[Round "6"]
[White "Maglioni, Leonardo"]
[Black "Sailer, Mike L"]
[Result "0-1"]
[WhiteElo "2069"]
[BlackElo "2108"]
[PlyCount "142"]
[EventDate "2025.06.03"]
[EventType "swiss (blitz)"]
[EventRounds "11"]
[EventCountry "USA"]
[SourceTitle "CB24_2025"]
[SourceDate "2025.06.11"]
[SourceVersion "1"]
[SourceVersionDate "2025.06.11"]
[SourceQuality "1"]

1. d4 d5 2. Bf4 Nf6 3. e3 c5 4. c3 Nc6 5. Nd2 Qb6 6. Qb3 c4 7. Qc2 g6 8. f3 Bg7 9. g4 e6 10. Ne2 Bd7 11. Bg2 0-0 12. h3 Rfe8 13. 0-0 e5 14. Bg3 exd4 15. Nxd4 Nxd4 16. exd4 Re2 17. Rae1 Rae8 18. Rxe2 Rxe2 19. Re1 Qe6 20. Kf1 Rxe1+ 21. Bxe1 Bh6 22. b3 cxb3 23. axb3 Bb5+ 24. c4 dxc4 25. Nxc4 Nd5 26. Bf2 Be3 27. Kg1 Bxf2+ 28. Qxf2 Nf4 29. Bf1 a5 30. Nxa5 Bxf1 31. Qxf1 Qe3+ 32. Kh2 Qd2+ 33. Kg3 Ne2+ 34. Kf2 Nxd4+ 35. Kg1 Qxa5 36. Qd3 Qe1+ 37. Kg2 Qe2+ 38. Qxe2 Nxe2 39. Kf2 Nd4 40. b4 Nc6 41. b5 Na7 42. b6 Nc8 43. Ke3 Nxb6 44. Kd4 Nc8 45. Kd5 b6 46. Kc6 Kg7 47. f4 Kf6 48. h4 Ke6 49. Kc7 b5 50. Kxc8 b4 51. Kd8 b3 52. Ke8 b2 53. Kf8 b1Q 54. Kg8 Qb4 55. Kxh7 Qxf4 56. h5 gxh5 57. gxh5 Kf6 58. h6 Qg5 59. Kh8 Qxh6+ 60. Kg8 Qg6+ 61. Kf8 Qg5 62. Ke8 Kg6 63. Kf8 f5 64. Kg8 f4 65. Kf8 f3 66. Ke8 f2 67. Kd7 f1Q 68. Ke8 Qe1+ 69. Kd7 Qgd2+ 70. Kc6 Qec1+ 71. Kb5 Qdb2+ 0-1

[Event "Titled Tuesday intern op 03rd Jan Late"]
[Site "Chess.com INT"]
[Date "2025.06.03"]
[Round "4"]
[White "May Sanchez, Andres Elias"]
[Black "Sailer, Mike L"]
[Result "0-1"]
[WhiteElo "2209"]
[BlackElo "2108"]
[PlyCount "58"]
[EventDate "2025.06.03"]
[EventType "swiss (blitz)"]
[EventRounds "11"]
[EventCountry "USA"]
[SourceTitle "CB24_2025"]
[SourceDate "2025.06.11"]
[SourceVersion "1"]
[SourceVersionDate "2025.06.11"]
[SourceQuality "1"]

1. d4 d5 2. c4 Bf5 3. Nc3 e6 4. cxd5 exd5 5. Qb3 Nc6 6. Nf3 Nb4 7. e4 dxe4 8. Ne5 Be6 9. Qd1 Qxd4 10. Qa4+ c6 11. Bf4 Bc5 12. Bg3 0-0-0 13. Rd1 Nd3+ 14. Bxd3 exd3 15. Rxd3 Qxa4 16. Rxd8+ Kxd8 17. Nxa4 Bb4+ 18. Ke2 f6 19. Rd1+ Ke8 20. Nf3 Bc4+ 21. Ke3 Ne7 22. b3 Nf5+ 23. Kf4 Be6 24. Nb2 Bd6+ 25. Ke4 Nxg3+ 26. hxg3 Bd5+ 27. Kd3 Kd7 28. Nc4 Bc5 29. Nd4 Bxg2 0-1

[Event "Titled Tuesday intern op 20th May Late"]
[Site "Chess.com INT"]
[Date "2025.05.20"]
[Round "11"]
[White "Gorbenko, Rustem"]
[Black "Sailer, Mike L"]
[Result "1-0"]
[WhiteElo "2201"]
[BlackElo "2108"]
[PlyCount "103"]
[EventDate "2025.05.20"]
[EventType "swiss (blitz)"]
[EventRounds "11"]
[EventCountry "USA"]
[SourceTitle "CB22_2025"]
[SourceDate "2025.05.28"]
[SourceVersion "1"]
[SourceVersionDate "2025.05.28"]
[SourceQuality "1"]

1. d4 d5 2. c4 Bf5 3. cxd5 Bxb1 4. Qa4+ c6 5. dxc6 Nxc6 6. Rxb1 e5 7. Nf3 Bb4+ 8. Bd2 Bxd2+ 9. Nxd2 exd4 10. g3 Qd5 11. Nf3 Nge7 12. Bg2 0-0 13. 0-0 Rfe8 14. Rfd1 Qf5 15. Nxd4 Nxd4 16. Qxd4 Nc6 17. Bxc6 bxc6 18. e3 h5 19. h4 Rad8 20. Qxd8 Rxd8 21. Rxd8+ Kh7 22. Rbd1 g5 23. hxg5 h4 24. gxh4 Qg4+ 25. Kf1 Qxh4 26. R8d7 Kg7 27. R1d4 Qxg5 28. Rxa7 Qb5+ 29. Kg2 Qxb2 30. Rg4+ Kf6 31. Rf4+ Ke5 32. Raxf7 Qxa2 33. R7f5+ Kd6 34. Rd4+ Kc7 35. Rf6 Qg8+ 36. Kf1 c5 37. Rdd6 Qc4+ 38. Kg2 Qg4+ 39. Kf1 Qc4+ 40. Ke1 Qc1+ 41. Ke2 Qc4+ 42. Kf3 Qh4 43. Rc6+ Kb7 44. Rb6+ Ka7 45. Rbe6 Qh1+ 46. Ke2 Qh5+ 47. Ke1 Qh1+ 48. Kd2 Qd5+ 49. Ke2 Qh5+ 50. f3 Qh2+ 51. Kd3 Qb2 52. Rf7+ 1-0

[Event "Titled Tuesday intern op 06th May Early"]
[Site "Chess.com INT"]
[Date "2025.05.06"]
[Round "6"]
[White "Goldin, Roman"]
[Black "Sailer, Mike L"]
[Result "1-0"]
[WhiteElo "2296"]
[BlackElo "2108"]
[PlyCount "71"]
[EventDate "2025.05.06"]
[EventType "swiss (blitz)"]
[EventRounds "11"]
[EventCountry "USA"]
[SourceTitle "CB20_2025"]
[SourceDate "2025.05.14"]
[SourceVersion "1"]
[SourceVersionDate "2025.05.14"]
[SourceQuality "1"]

1. e4 d5 2. Nc3 dxe4 3. Nxe4 Qd5 4. Ng3 h5 5. h4 Bg4 6. f3 Bd7 7. N1e2 Nf6 8. d4 Nc6 9. Be3 0-0-0 10. Qd2 e5 11. Nc3 Qa5 12. dxe5 Be6 13. Qxd8+ Nxd8 14. exf6 Bb4 15. Bd4 gxf6 16. Nge4 Be7 17. Nxf6 Nc6 18. Nfd5 Rd8 19. Nxe7+ Nxe7 20. 0-0-0 Bxa2 21. g3 Be6 22. Kb1 Nf5 23. Bf6 Rxd1+ 24. Nxd1 Qd2 25. Bd3 Nd6 26. Bc3 Qg2 27. Re1 Qxf3 28. Ne3 Qxg3 29. Re2 Qxh4 30. Nd1 Qh1 31. Kc1 Bg4 32. Re1 Qf3 33. Be5 Qg3 34. Bxg3 Bxd1 35. Bxd6 Bg4 36. Bh2 1-0

[Event "Titled Tuesday intern op 06th May Early"]
[Site "Chess.com INT"]
[Date "2025.05.06"]
[Round "3"]
[White "Sailer, Mike L"]
[Black "Bayo Milagro, Alvaro"]
[Result "0-1"]
[WhiteElo "2108"]
[BlackElo "2280"]
[PlyCount "36"]
[EventDate "2025.05.06"]
[EventType "swiss (blitz)"]
[EventRounds "11"]
[EventCountry "USA"]
[SourceTitle "CB20_2025"]
[SourceDate "2025.05.14"]
[SourceVersion "1"]
[SourceVersionDate "2025.05.14"]
[SourceQuality "1"]

1. d4 Nf6 2. Nc3 d5 3. Bf4 g6 4. e3 Bg7 5. Nf3 c5 6. Be2 Nc6 7. 0-0 0-0 8. h3 cxd4 9. exd4 Qb6 10. Rb1 Bf5 11. g4 Be4 12. Ng5 Nxd4 13. Ngxe4 Nxe4 14. Nxd5 Qd8 15. Bc4 Rc8 16. Ne3 b5 17. Bd3 Nc5 18. c3 Nxd3 0-1

[Event "Titled Tuesday intern op 06th May Early"]
[Site "Chess.com INT"]
[Date "2025.05.06"]
[Round "7"]
[White "Sailer, Mike L"]
[Black "Herman, Daniel"]
[Result "0-1"]
[WhiteElo "2108"]
[BlackElo "1920"]
[PlyCount "132"]
[EventDate "2025.05.06"]
[EventType "swiss (blitz)"]
[EventRounds "11"]
[EventCountry "USA"]
[SourceTitle "CB20_2025"]
[SourceDate "2025.05.14"]
[SourceVersion "1"]
[SourceVersionDate "2025.05.14"]
[SourceQuality "1"]

1. d4 Nf6 2. Bf4 d6 3. Nf3 g6 4. e3 Bg7 5. Be2 0-0 6. 0-0 b6 7. h3 Bb7 8. c4 c5 9. Nc3 cxd4 10. exd4 Ne4 11. Bd3 Nxc3 12. bxc3 Nc6 13. Re1 Rc8 14. a4 Na5 15. Qe2 e6 16. Nd2 Ba6 17. Reb1 d5 18. cxd5 Bxd3 19. Qxd3 exd5 20. Rb4 Qd7 21. Be5 Bxe5 22. dxe5 Qc7 23. Rd4 Qxe5 24. Rxd5 Qxc3 25. Qxc3 Rxc3 26. Rd7 Nc6 27. a5 Nxa5 28. Rxa7 Re8 29. Nf3 Rc2 30. Re1 Rxe1+ 31. Nxe1 Nc4 32. Nd3 Rd2 33. Nb4 Rb2 34. Nd5 b5 35. Rb7 Nd2 36. f3 Nc4 37. Kh2 Rd2 38. Rxb5 Ne5 39. Ne7+ Kg7 40. Rb7 Kf6 41. Nc6 Nxf3+ 42. Kg3 Nd4 43. Nxd4 Rxd4 44. Rb6+ Kg7 45. Rb7 h5 46. Kh2 h4 47. Rb6 g5 48. Ra6 f6 49. Rb6 Kg6 50. Ra6 Rb4 51. Rc6 Ra4 52. Rc5 Re4 53. Rb5 Re6 54. Ra5 f5 55. Ra8 Kf6 56. Rf8+ Ke5 57. Rg8 Kf4 58. Ra8 Re4 59. Ra7 g4 60. hxg4 fxg4 61. Rf7+ Ke3 62. Rg7 Rf4 63. Rh7 g3+ 64. Kh3 Kf2 65. Rxh4 Rxh4+ 66. Kxh4 Kxg2 0-1

[Event "Titled Tuesday intern op 25th Mar Early"]
[Site "Chess.com INT"]
[Date "2025.03.25"]
[Round "8"]
[White "Bruhovich, Olexandr"]
[Black "Sailer, Mike L"]
[Result "0-1"]
[WhiteElo "2208"]
[BlackElo "2108"]
[PlyCount "64"]
[EventDate "2025.03.25"]
[EventType "swiss (blitz)"]
[EventRounds "11"]
[EventCountry "USA"]
[SourceTitle "CB14_2025"]
[SourceDate "2024.11.01"]
[SourceVersion "1"]
[SourceVersionDate "2024.11.01"]
[SourceQuality "1"]

1. e4 d5 2. exd5 Qxd5 3. Nc3 Qd6 4. Nf3 c6 5. Bc4 Nf6 6. h3 Bf5 7. d3 e6 8. Be3 Qc7 9. a4 a5 10. 0-0 Bd6 11. Bd4 Nbd7 12. Re1 0-0 13. Nh4 Bg6 14. Nxg6 hxg6 15. Qf3 Nd5 16. Ne4 Bh2+ 17. Kh1 Bf4 18. g3 Bh6 19. Bb3 b5 20. axb5 cxb5 21. Bxd5 exd5 22. Nc3 b4 23. Nxd5 Qxc2 24. Re2 Qb3 25. Ne7+ Kh7 26. Rae1 a4 27. Qb7 Nf6 28. Qf3 a3 29. bxa3 bxa3 30. Nc6 Nd5 31. Ne5 Nc3 32. Rd2 Bxd2 0-1

[Event "Titled Tuesday intern op 18th Mar Late"]
[Site "Chess.com INT"]
[Date "2025.03.18"]
[Round "11"]
[White "Miserendino, Alfredo"]
[Black "Sailer, Mike L"]
[Result "0-1"]
[WhiteElo "2032"]
[BlackElo "2108"]
[PlyCount "38"]
[EventDate "2025.03.18"]
[EventType "swiss (blitz)"]
[EventRounds "11"]
[EventCountry "USA"]
[SourceTitle "CB13_2025"]
[SourceDate "2025.03.26"]
[SourceVersion "1"]
[SourceVersionDate "2025.03.26"]
[SourceQuality "1"]

1. e4 c6 2. d4 d5 3. Nc3 g6 4. Nf3 Bg7 5. Be3 Bg4 6. e5 e6 7. Be2 Ne7 8. h3 Bxf3 9. Bxf3 h5 10. Qd2 Nf5 11. 0-0-0 Nd7 12. Bg5 Qb6 13. Kb1 a5 14. g4 hxg4 15. hxg4 Rxh1 16. Bxh1 Ne7 17. f4 a4 18. a3 c5 19. Ne2 Nc6 0-1

[Event "Titled Tuesday intern op 18th Mar Late"]
[Site "Chess.com INT"]
[Date "2025.03.18"]
[Round "6"]
[White "Rose, Felix"]
[Black "Sailer, Mike L"]
[Result "1-0"]
[WhiteElo "2093"]
[BlackElo "2108"]
[PlyCount "41"]
[EventDate "2025.03.18"]
[EventType "swiss (blitz)"]
[EventRounds "11"]
[EventCountry "USA"]
[SourceTitle "CB13_2025"]
[SourceDate "2025.03.26"]
[SourceVersion "1"]
[SourceVersionDate "2025.03.26"]
[SourceQuality "1"]

1. e4 d5 2. exd5 Qxd5 3. Nc3 Qd6 4. d4 c6 5. Nf3 Bg4 6. h3 Bxf3 7. Qxf3 Nf6 8. Bf4 Qb4 9. 0-0-0 e6 10. Nb5 Na6 11. a3 Qa5 12. Nd6+ Bxd6 13. Bxd6 0-0-0 14. Bh2 Rd5 15. Bxa6 Qxa6 16. Qg3 e5 17. Qxg7 Rg8 18. Qxf6 Rxg2 19. Bxe5 Qc4 20. Qxf7 Rxe5 21. Qxc4 1-0

[Event "Titled Tuesday intern op 18th Mar Late"]
[Site "Chess.com INT"]
[Date "2025.03.18"]
[Round "5"]
[White "Sailer, Mike L"]
[Black "Gluszko, Tomasz"]
[Result "0-1"]
[WhiteElo "2108"]
[BlackElo "2189"]
[PlyCount "68"]
[EventDate "2025.03.18"]
[EventType "swiss (blitz)"]
[EventRounds "11"]
[EventCountry "USA"]
[SourceTitle "CB13_2025"]
[SourceDate "2025.03.26"]
[SourceVersion "1"]
[SourceVersionDate "2025.03.26"]
[SourceQuality "1"]

1. d4 Nf6 2. Bf4 c5 3. e3 Qb6 4. Nc3 Nc6 5. Nb5 d6 6. dxc5 Qa5+ 7. c3 a6 8. b4 Nxb4 9. Nc7+ Qxc7 10. cxb4 e5 11. Bg3 dxc5 12. Rc1 Be6 13. Nf3 Nd7 14. Qc2 f6 15. Bc4 Bxc4 16. Qxc4 b5 17. Qd5 Rd8 18. Qe6+ Be7 19. bxc5 Nxc5 20. Rxc5 Qxc5 21. 0-0 Rd6 22. Qf5 0-0 23. h4 g6 24. Qg4 Qc8 25. Qe4 Qc4 26. Qb7 Rf7 27. h5 Kg7 28. hxg6 hxg6 29. Nh2 Bf8 30. Qa8 Qd5 31. Qb8 Rd8 32. Qb6 Rd6 33. Qa5 Qc4 34. Ng4 Qxg4 0-1

[Event "Titled Tuesday intern op 18th Mar Late"]
[Site "Chess.com INT"]
[Date "2025.03.18"]
[Round "7"]
[White "Sailer, Mike L"]
[Black "Sayce, Hannah"]
[Result "0-1"]
[WhiteElo "2108"]
[BlackElo "1872"]
[PlyCount "66"]
[EventDate "2025.03.18"]
[EventType "swiss (blitz)"]
[EventRounds "11"]
[EventCountry "USA"]
[SourceTitle "CB13_2025"]
[SourceDate "2025.03.26"]
[SourceVersion "1"]
[SourceVersionDate "2025.03.26"]
[SourceQuality "1"]

1. d4 Nf6 2. Bf4 c5 3. e3 Nd5 4. Bg3 Qb6 5. Nc3 Nxc3 6. bxc3 g6 7. Nf3 Bg7 8. Be2 Nc6 9. 0-0 0-0 10. Rb1 Qa5 11. Rb5 Qxc3 12. Rxc5 Qa3 13. Qb1 d6 14. Rb5 a6 15. Rb6 Qa5 16. c4 Bf5 17. Qb3 Be4 18. Rxb7 Rab8 19. Rxb8 Rxb8 20. Qd1 Qxa2 21. c5 Rb1 22. cxd6 Rxd1 23. Bxd1 exd6 24. Bxd6 Bd3 25. Re1 Qd5 26. Bg3 Be4 27. Be2 h5 28. h4 Bf8 29. Rc1 a5 30. Ne5 Nxe5 31. Bxe5 Bxg2 32. Rc8 Bh3 33. f3 Bxc8 0-1

[Event "Titled Tuesday intern op 04th Mar Early"]
[Site "Chess.com INT"]
[Date "2025.03.04"]
[Round "1"]
[White "Pein, Jonathan"]
[Black "Sailer, Mike L"]
[Result "1-0"]
[WhiteElo "2254"]
[BlackElo "2108"]
[PlyCount "85"]
[EventDate "2025.03.04"]
[EventType "swiss (blitz)"]
[EventRounds "11"]
[EventCountry "USA"]
[SourceTitle "CB11_2025"]
[SourceDate "2025.03.12"]
[SourceVersion "1"]
[SourceVersionDate "2025.03.12"]
[SourceQuality "1"]

1. d4 d5 2. Nc3 e6 3. Nf3 Nf6 4. Ne5 Bb4 5. a3 Bxc3+ 6. bxc3 c5 7. Bg5 Qa5 8. Bd2 Ne4 9. e3 Nc6 10. Bd3 Nxd2 11. Qxd2 Nxe5 12. dxe5 c4 13. Be2 Bd7 14. 0-0 0-0 15. f4 Qc5 16. Rf3 f6 17. exf6 Rxf6 18. Qd4 Qxd4 19. cxd4 Ba4 20. c3 Bc2 21. Bd1 Be4 22. Rf2 b5 23. Bc2 Bxc2 24. Rxc2 Rf7 25. Rb2 Rb7 26. a4 Rab8 27. axb5 Rxb5 28. Rxb5 Rxb5 29. Rxa7 Rb3 30. Re7 Rb6 31. Kf2 Kf8 32. Rd7 Rb3 33. f5 exf5 34. Rxd5 g6 35. Rd7 Rxc3 36. Rxh7 Rd3 37. Rc7 c3 38. Kf3 g5 39. Rc5 f4 40. Rxg5 fxe3 41. Rc5 Rxd4 42. Rxc3 e2 43. Kxe2 1-0

[Event "Titled Tuesday intern op 04th Mar Early"]
[Site "Chess.com INT"]
[Date "2025.03.04"]
[Round "3"]
[White "Sailer, Mike L"]
[Black "Altynbek, Aiaru"]
[Result "1-0"]
[WhiteElo "2108"]
[BlackElo "2005"]
[PlyCount "57"]
[EventDate "2025.03.04"]
[EventType "swiss (blitz)"]
[EventRounds "11"]
[EventCountry "USA"]
[SourceTitle "CB11_2025"]
[SourceDate "2025.03.12"]
[SourceVersion "1"]
[SourceVersionDate "2025.03.12"]
[SourceQuality "1"]

1. d4 d5 2. Bf4 c5 3. e3 cxd4 4. exd4 Nc6 5. Nc3 Bf5 6. Nf3 Nf6 7. Bb5 e6 8. Ne5 Qb6 9. a4 Bb4 10. 0-0 0-0 11. Bxc6 bxc6 12. g4 Bg6 13. g5 Nh5 14. Nd7 Qd8 15. Nxf8 Nxf4 16. Qg4 Bxf8 17. Qxf4 Bd6 18. Qe3 Bxc2 19. h4 Rb8 20. Qc1 Bg6 21. Ne2 Rb3 22. Qxc6 h6 23. Rac1 Kh7 24. Qc8 Qa5 25. Qe8 Qd2 26. Rc8 Be4 27. Qxf7 Qxe2 28. g6+ Bxg6 29. Qg8# 1-0

[Event "Titled Tuesday intern op 25th Feb Early"]
[Site "Chess.com INT"]
[Date "2025.02.25"]
[Round "3"]
[White "Guleryuz, Kuzey"]
[Black "Sailer, Mike L"]
[Result "1-0"]
[WhiteElo "2204"]
[BlackElo "2108"]
[PlyCount "47"]
[EventDate "2025.02.25"]
[EventType "swiss (blitz)"]
[EventRounds "11"]
[EventCountry "USA"]
[SourceTitle "CB10_2025"]
[SourceDate "2025.03.05"]
[SourceVersion "1"]
[SourceVersionDate "2025.03.05"]
[SourceQuality "1"]

1. e4 d5 2. exd5 Qxd5 3. d4 Nc6 4. Nf3 Bg4 5. Be2 0-0-0 6. c4 Qf5 7. Be3 Nf6 8. 0-0 e5 9. d5 e4 10. Nd4 Nxd4 11. Bxd4 Bd6 12. Nc3 Rhe8 13. Bxg4 Nxg4 14. h3 Ne5 15. c5 Nf3+ 16. Kh1 Qf4 17. g3 Qh6 18. Kg2 Nxd4 19. Qxd4 Be5 20. Qa4 Bxc3 21. bxc3 Kb8 22. c6 Qf6 23. Qb5 b6 24. Qa6 1-0

[Event "Titled Tuesday intern op 11th Feb Early"]
[Site "Chess.com INT"]
[Date "2025.02.11"]
[Round "8"]
[White "Jovic, Stanoje"]
[Black "Sailer, Mike L"]
[Result "0-1"]
[WhiteElo "2096"]
[BlackElo "2108"]
[PlyCount "74"]
[EventDate "2025.02.11"]
[EventType "swiss (blitz)"]
[EventRounds "11"]
[EventCountry "USA"]
[SourceTitle "CB09_2025"]
[SourceDate "2025.02.27"]
[SourceVersion "1"]
[SourceVersionDate "2025.02.27"]
[SourceQuality "1"]

1. c4 g6 2. g3 Bg7 3. Bg2 d6 4. Nc3 Nf6 5. Nf3 0-0 6. 0-0 e5 7. d3 Nc6 8. Rb1 a5 9. a3 Nd4 10. Ne1 c6 11. e3 Ne6 12. b4 axb4 13. axb4 Qc7 14. Nc2 Rd8 15. Bd2 d5 16. cxd5 cxd5 17. Ra1 Rxa1 18. Qxa1 d4 19. exd4 exd4 20. Nxd4 Nxd4 21. Qa7 Ng4 22. Nd5 Qc2 23. Bg5 Re8 24. h3 Ne5 25. Bf6 Nef3+ 26. Bxf3 Nxf3+ 27. Kg2 Qe2 28. Bxg7 Qxf1+ 29. Kxf3 Qxd3+ 30. Ne3 Kxg7 31. Kg2 Qe4+ 32. Kh2 Qf3 33. Qd4+ Kg8 34. Nd5 Re6 35. Qc5 h5 36. Qxc8+ Kh7 37. Qd7 Qxf2+ 0-1

[Event "Titled Tuesday intern op 11th Feb Early"]
[Site "Chess.com INT"]
[Date "2025.02.11"]
[Round "7"]
[White "Md, Bashiq Imrose"]
[Black "Sailer, Mike L"]
[Result "0-1"]
[WhiteElo "2120"]
[BlackElo "2108"]
[PlyCount "90"]
[EventDate "2025.02.11"]
[EventType "swiss (blitz)"]
[EventRounds "11"]
[EventCountry "USA"]
[SourceTitle "CB09_2025"]
[SourceDate "2025.02.27"]
[SourceVersion "1"]
[SourceVersionDate "2025.02.27"]
[SourceQuality "1"]

1. Nf3 d5 2. d4 Nf6 3. c4 Bf5 4. Nc3 e6 5. Qb3 Nc6 6. a3 Rb8 7. cxd5 exd5 8. Bg5 Be7 9. e3 0-0 10. Bxf6 Bxf6 11. Qxd5 Qc8 12. Qb3 Na5 13. Qb5 b6 14. Bd3 Bd7 15. Qh5 g6 16. Qh6 Bg7 17. Qh4 Nb3 18. Rd1 c5 19. dxc5 Nxc5 20. Ne4 Nxd3+ 21. Rxd3 Qc1+ 22. Rd1 Qxb2 23. 0-0 Bc6 24. Rd2 Qxa3 25. Nf6+ Bxf6 26. Qxf6 Bxf3 27. gxf3 b5 28. Ra1 Qb4 29. Rd7 a5 30. e4 a4 31. e5 Qc3 32. Rad1 a3 33. R1d4 a2 34. e6 Qe1+ 35. Kg2 Qxe6 36. Qh4 Qxd7 37. Rxd7 a1Q 38. f4 Qg7 39. Rd3 b4 40. f5 h6 41. f6 Qh7 42. f4 b3 43. Rd1 b2 44. Rb1 Rfc8 45. Qg3 Rc1 0-1

[Event "Titled Tuesday intern op 11th Feb Early"]
[Site "Chess.com INT"]
[Date "2025.02.11"]
[Round "6"]
[White "Sailer, Mike L"]
[Black "Muniz, Francisco Allysson"]
[Result "0-1"]
[WhiteElo "2108"]
[BlackElo "2165"]
[PlyCount "102"]
[EventDate "2025.02.11"]
[EventType "swiss (blitz)"]
[EventRounds "11"]
[EventCountry "USA"]
[SourceTitle "CB08_2025"]
[SourceDate "2025.02.19"]
[SourceVersion "1"]
[SourceVersionDate "2025.02.19"]
[SourceQuality "1"]

1. d4 d5 2. Bf4 Nf6 3. e3 c5 4. Nf3 Nc6 5. Bb5 Qa5+ 6. Nc3 Bd7 7. 0-0 e6 8. Bxc6 Bxc6 9. Ne5 cxd4 10. exd4 Bb4 11. Nxc6 bxc6 12. Qd3 Bxc3 13. bxc3 0-0 14. c4 Rfd8 15. Rfb1 dxc4 16. Qxc4 Qd5 17. Qxd5 Rxd5 18. Be3 Rad8 19. Rb7 R5d7 20. Rab1 h6 21. Kf1 Nd5 22. Ke1 Nb6 23. Rxd7 Rxd7 24. Kd2 e5 25. c3 c5 26. Kd3 exd4 27. cxd4 c4+ 28. Ke4 Re7+ 29. Kf3 Rc7 30. Ke2 Nd5 31. Kd2 a5 32. Rb5 c3+ 33. Kc1 Nb4 34. Rxa5 c2 35. Kb2 c1Q+ 36. Bxc1 Nd3+ 37. Kb3 Nxc1+ 38. Kb4 Nd3+ 39. Kb3 Nxf2 40. Rc5 Rb7+ 41. Kc4 Ne4 42. Rc8+ Kh7 43. Ra8 Rb2 44. a4 Rxg2 45. a5 Rxh2 46. a6 Ra2 47. d5 h5 48. Kd4 Nf6 49. d6 h4 50. Kc5 h3 51. d7 Nxd7+ 0-1

[Event "Titled Tuesday intern op 04th Feb Late"]
[Site "Chess.com INT"]
[Date "2025.02.04"]
[Round "7"]
[White "Jorajuria Mendoza, Algol"]
[Black "Sailer, Mike L"]
[Result "0-1"]
[WhiteElo "2084"]
[BlackElo "2108"]
[PlyCount "56"]
[EventDate "2025.02.04"]
[EventType "swiss (blitz)"]
[EventRounds "11"]
[EventCountry "USA"]
[SourceTitle "CB07_2025"]
[SourceDate "2025.02.12"]
[SourceVersion "1"]
[SourceVersionDate "2025.02.12"]
[SourceQuality "1"]

1. d4 d5 2. c4 Bf5 3. Nc3 e6 4. Bf4 Bb4 5. a3 Bxc3+ 6. bxc3 Nc6 7. e3 Nf6 8. Bd3 Ne4 9. Qc2 0-0 10. Ne2 Bg6 11. 0-0 Na5 12. cxd5 exd5 13. c4 Nxc4 14. Bxc4 dxc4 15. Qa4 c6 16. f3 b5 17. Qb4 a5 18. Qb2 Nf6 19. a4 b4 20. Rac1 c3 21. Qb3 Bd3 22. Rfe1 Nd5 23. e4 Nxf4 24. Nxf4 Qxd4+ 25. Kh1 c5 26. Red1 c4 27. Qc2 Bxc2 28. Rxd4 b3 0-1